Ubicación de zonas de riesgo y análisis de amenaza ante deslizamientos en comunidades pobres

Збережено в:
Бібліографічні деталі
Автор: Campos Salas, José Antonio
Формат: Книга
Опубліковано: San José, C.R. 2000
Предмети:
Теги: Додати тег
Немає тегів, Будьте першим, хто поставить тег для цього запису!

MARC

LEADER 00000nam a2200000Ia 4500
003 008514
005 20221231144210.0
008 140114s2000 cr a m 000 ||s d
040 |c cru CEDI 
090 |a TFG 4161 
100 |a Campos Salas, José Antonio  |9 8246 
245 |a Ubicación de zonas de riesgo y análisis de amenaza ante deslizamientos en comunidades pobres 
260 |c 2000  |a  San José, C.R. 
300 |a  [159 hojas] : ilustraciones a color, mapas, fotografías  
500 |a  Proyecto de graducación (licenciatura en ingeniería civil)--Universidad de Costa Rica. Facultad de Ingeniería. Escuela de Ingeniería Civil  
650 |x DESASTRES NATURALES   |x PREVENCION   |x CIUDADES Y PUEBLOS   |x  CRECIMIENTO   |x  PLANIFICACION   |x DESPRENDIMIENTOS DE TIERRAS   |x SISTEMAS DE INFORMACION GEOGRAFICA  |9 8247 
942 |c TFG 
999 |c 18315  |d 18315